01479nam a2200289Ia 4500003000400000005001700004008004100021020001500062040002100077041000800098082002400106100007900130245010600209260007200315300007500387440001600462505033200478650003200810650004100842650003600883700004000919700003400959700003700993942001201030999001701042952013001059OSt20211006151653.0210310s2001 wauag gr 000 0 spa d a0896296407 aCO-JMCRcCO-JMCR0 aspa04a338.14 /bR799g2231 aMark W. Rosegrant, Michael S. Paisner, Siet Meijer, Julie Witcover 92867410aGlobal Food Projectionsto 2020 /cMark W. Rosegrant, Michael S. Paisner, Siet Meijer, Julie Witcover  aWashington : bInternational Food Policy Reserch Institute, c2001. a206 pages : bIllustrations and graphics in black and white ; c28 cm. a#N/A9286750 aRecent trends in food supply and demand. -- The impact model. -- Projections of global food supply and demand and child malnutrition. -- Alternative global scenarios for food supply, demand, Trade, and security. -- Alternative regional scenarios. -- Investment requirements: what will the costs be?. -- Summary and conclusions.14aDeveloping countries92867624aFood supplyxEconomic aspects94098424aFood supplyxForecasting940985 aPaisner, Michael S.,eauthor940986 aMeijer, Siet, eauthor940987 aWitcover, Julie, eauthor940988 2ddccBK c12596d12596 00102ddc4070aCPLbCPLcGENd2018-04-15eDonacióno338.14 / R799gp430005164r2024-05-16 00:00:00tEj.12w2021-03-10yBK